000 00927cam a22003131 4500
001 9725579
003 Nust
005 20220829120048.0
008 740502s1868 xx 000 0 eng
010 _a 41034793
020 _a1853260444
_cRs. 236
035 _a(OCoLC)876882
038 _aArshad
040 _aDLC
_cNRU
_dDLC
050 0 0 _aPZ3.C697
_bMo2
_aPR4494.M6
082 _a823
_bCOL
100 1 _aCollins, Wilkie,
_d1824-1889.
_912061
245 1 4 _aThe moonstone.
_bA novel.
_cBy Wilkie Collins ...
260 _aNew York,
_bHarper & brothers,
_c1868.
300 _a438 p.
_c24 cm.
650 0 _aJewelry theft
_vFiction.
_912070
650 0 _aPolice
_zEngland
_vFiction.
_911890
650 0 _aEast Indians
_zEngland
_vFiction.
_91068
651 0 _aEngland
_vFiction.
_91072
655 7 _aMystery fiction.
_2gsafd
_95621
906 _a7
_bcbc
_coclcrpl
_du
_encip
_f19
_gy-gencatlg
942 _2ddc
_cBK
999 _c174416
_d174416